Statistics for Movies By 1 Actor and 1 Actress Part 13

Click here to take the quiz!

General Stats

  • This quiz has been taken 10 times
  • The average score is 7 of 26

Answer Stats

CastMovie% Correct
Tom Cruise, Penelope CruzVanilla Sky
80%
Ethan Hawke, Patricia ArquetteBoyhood
40%
Kenneth Branagh, Gal GadotDeath on the Nile
40%
Sandra Bullock, James CordenOcean's Eight
40%
Tobey Maguire, Bryce Dallas HowardSpider-Man 3
40%
Adam Sandler, Jennifer HudsonSandy Wexler
30%
Mel Gibson, Abigail BreslinSigns
30%
Emma Watson, Tom HanksThe Circle
30%
Meryl Streep, Stanley TucciThe Devil Wears Prada
30%
Lupita Nyong'o, Winston DukeUs
30%
Steven Seagal, Sharon StoneAbove the Law
20%
Gerard Butler, Alison BrieA Family Man
20%
Jeff Bridges, Dakota JohnsonBad Times at the El Royale
20%
Chris Hemsworth, Viola DavisBlackhat
20%
Liev Schreiber, Naomi WattsChuck
20%
Nicole Kidman, Paul BettanyDogville
20%
Shia LaBeouf, Rosario DawsonEagle Eye
20%
Johnny Depp, Sarah Jessica ParkerEd Wood
20%
Juliette Binoche, Frank GrilloParadise Highway
20%
Nicolas Cage, AwkwafinaRenfield
20%
Jackie Chan, Lucy LiuShanghai Noon
20%
Michael Madsen, Kristy SwansonSupreme Sanction
20%
Robert Redford, Helen MirrenThe Clearing
20%
Mark Wahlberg, Brie LarsonThe Gambler
20%
Jonathan Majors, Zazie BeetzThe Harder They Fall
20%
Bruce Willis, Robin WrightUnbreakable
20%

Score Distribution

Percentile by Number Answered

Percent of People with Each Score

Your Score History

You have not taken this quiz